| 000 | 00632nam a2200217Ia 4500 | ||
|---|---|---|---|
| 005 | 20250522104250.0 | ||
| 008 | 008 250516s9999 xx 000 0 eng d | ||
| 020 | _a9781032768748 | ||
| 040 |
_aSDCL _beng _cSDCL |
||
| 041 |
_aeng _2eng |
||
| 084 |
_aW643g, R4 _qSDCL |
||
| 100 |
_aSubedi, D.B. Ed. _9752477 |
||
| 245 | 0 | _aRoutledge handbook of populism in the Asia pacific | |
| 260 |
_aLondon: _bRoutledge, _c2024. |
||
| 300 | _axviii,425p. | ||
| 365 |
_aINR _b1595 |
||
| 490 | _aIndo-pacific in context | ||
| 650 | _aPolitical Science | ||
| 700 |
_aBrasted, Howard Ed.Strokich, Karin von Ed. _9809688 |
||
| 942 | _cTEXL | ||
| 999 |
_c1429744 _d1429744 |
||